Pinocho / (Registro nro. 11038)
[ vista simple ]
| 000 -LIDER | |
|---|---|
| fixed length control field | 00654nam a22002417a 4500 |
| 001 - NÚMERO DE CONTROL | |
| Identificador de número de control | 00921 |
| 003 - IDENTIFICACDOR DE NÚMERO DE CONTROL | |
| control field | DO-SdBNP |
| 005 - DATE AND TIME OF LATEST TRANSACTION | |
| control field | 20180201144312.0 |
| 007 - CAMPOS FIJOS DE DESCRIPCIÓN FÍSICA | |
| fixed length control field | 00921 |
| 008 - ELEMENTOS DE LONGITUD FIJA | |
| fixed length control field | 160727b 1986 mx||||| |||| 00| 0 spa d |
| 020 ## - ISBN | |
| International Standard Book Number | 9684167342 |
| 040 ## - FUENTE DE CATALOGACIÓN | |
| Agencia que crea de manera original el registro | BPMSU |
| Idioma de catalogación | spa |
| Agencia que realiza la transcripción | BPMSU |
| 100 1# - ASIENTO PRINCIPAL -- NOMBRE PERSONAL | |
| Nombre personal | Collodo, Carlo |
| 245 1# - MENCIÓN DE TITULO | |
| Título | Pinocho / |
| Mención de responsabilidad | Carlo Collodi ; ilustraciones Ives Lequesne |
| 260 ## - PUBLICACIÓN, DISTRIBUCIÓN, ETC. (PIE DE IMPRENTA) | |
| Lugar de publicación, distribución, etc | México : |
| Nombre del editor, distribuidor, etc. | Fernández, |
| Fecha de publicación, distribución, etc | 1986. |
| Fecha de impresión | 1991 |
| 300 ## - DESCRIPCIÓN FÍSICA | |
| Extensión | 172 p. : |
| Dimensiones | 20 cm. |
| 490 1# - MENCIÓN DE SERIES | |
| Mención de serie | Clásicos auriga |
| 700 1# - ASIENTO SECUNDARIO -- NOMBRE PERSONAL | |
| Nombre personal | Lequesne, Ives, |
| Mención de responsabilidad | il. |
| 830 1# - ASIENTO SECUNDARIO DE SERIE--TÍTULO UNIFORME | |
| Título uniforme | clásicos auriga |
| 942 ## - ADDED ENTRY ELEMENTS (KOHA) | |
| Source of classification or shelving scheme | Dewey Decimal Classification |
| Koha item type | Libros |
| 945 ## - INFORMACIÓN DE PROCESAMIENTO LOCAL | |
| Información de procesamiento local | Inventariado, 2018/ YL |
| 956 ## - LOCAL ELECTRONIC LOCATION AND ACCESS (OCLC) | |
| Nombre de host | BTAVÁREZ |
| Número de acceso | 10 |
| Información de compresión | 20162707 |
| Trayectoria | 00921 |
| Withdrawn status | Lost status | Source of classification or shelving scheme | Damaged status | Not for loan | Collection code | Home library | Current library | Date acquired | Source of acquisition | Total Checkouts | Barcode | Date last seen | Price effective from | Koha item type |
|---|---|---|---|---|---|---|---|---|---|---|---|---|---|---|
| Dewey Decimal Classification | Colección Juvenil General | Biblioteca Pública Metropolitana Salomé Ureña | Biblioteca Pública Metropolitana Salomé Ureña | 07/27/2016 | Donación | BPMSU18020018 | 07/27/2016 | 07/27/2016 | Libros |